Automatizované systémy riadenia v priemysle

Gespeichert in:
Bibliographische Detailangaben
1. Verfasser: Ivanička, Koloman
Körperschaft: Vysoká škola ekonomická v Bratislave. Fakulta ekonomiky a riadenia výrobných odvetví
Format: Buch
Sprache:Slowakisch
Veröffentlicht: Bratislava VŠE 1991
Ausgabe:2. vyd.
Tags: Tag hinzufügen
Keine Tags, Fügen Sie das erste Tag hinzu!

MARC

LEADER 00000nam a2200000 4500
001 c024856
005 20221214093208.4
041 0 |a slo 
044 |a SK 
245 1 0 |a Automatizované systémy riadenia v priemysle  |c Koloman Ivanička a kol. 
250 |a 2. vyd. 
264 1 |a Bratislava  |b VŠE  |c 1991 
300 |a 218 s. 
100 1 |a Ivanička, Koloman 
710 2 |a Vysoká škola ekonomická v Bratislave. Fakulta ekonomiky a riadenia výrobných odvetví